000 01697cam a2200217 4500500
005 20251228060050.0
041 _afre
042 _adc
100 1 0 _aRayna, Sylvie
_eauthor
245 0 0 _aRegard sur les apprentissages des tout-petits
260 _c2003.
500 _a70
520 _aRésumé Si la notion d’apprentissage, en raison de sa connotation « scolaire », est redoutée dans le monde de la petite enfance, tout le monde s’accorde sur le fait que l’enfant apprend bien avant d’entrer à l’école. L’objectif de cet article n’est pas de présenter une synthèse de la littérature scientifique sur les apprentissages des premières années de la vie mais de proposer un certain regard sur la construction des premières connaissances dans les activités ludiques des tout-petits. Ce regard s’appuie sur des recherches de terrain, réalisées dans un cadre théorique constructiviste et utilisant des méthodes issues de la psychologie et de l’anthropologie. Il est avancé qu’une meilleure connaissance et prise en compte des compétences et des besoins cognitifs dans les services d’accueil des jeunes enfants peuvent non seulement contribuer à l’amélioration de la qualité de vie des tout-petits dans ces services mais encore à la professionnalisation des personnels qui en prennent soin.
690 _a'apprendre
690 _aAgir
690 _acoconstruire des connaissances
690 _acommuniquer
690 _aécouvertes et inventions partagées
786 0 _nEnfances & Psy | 24 | 4 | 2003-12-01 | p. 30-41 | 1286-5559
856 4 1 _uhttps://shs.cairn.info/revue-enfances-et-psy-2003-4-page-30?lang=fr&redirect-ssocas=7080
999 _c1586900
_d1586900